书目信息 |
| 题名: |
辐射应用
|
|
| 作者: | ;中国科学技术文献情报研究所重庆分所 编辑 | |
| 分册: | ||
| 出版信息: | 重庆 科学技术文献出版社重庆分社 1981 |
|
| 页数: | 265页 | |
| 开本: | 25cm | |
| 丛书名: | ||
| 单 册: | ||
| 中图分类: | TL99 | |
| 科图分类: | ||
| 主题词: | 核技术应用 | |
| 电子资源: | ||
| ISBN: | 15176.502 | |
| 000 | 00713nam0 2200229 450 | |
| 001 | 0181004237 | |
| 005 | 20100713021827.0 | |
| 010 | @a15176.502@dCNY1.75 | |
| 091 | @a15176.502 | |
| 100 | @a19950601d1981 emky0chiy0110 ea | |
| 101 | 0 | @achi |
| 102 | @aCN@b510000 | |
| 105 | @ay z 000yy | |
| 106 | @ar | |
| 200 | 1 | @a辐射应用@9Fu She Ying Yong @f中国科学技术文献情报研究所重庆分所编辑 |
| 210 | @a重庆@c科学技术文献出版社重庆分社@d1981 | |
| 215 | @a265页@d25cm | |
| 606 | 0 | @a核技术应用 |
| 690 | @aTL99@v3 | |
| 711 | 02 | @a中国科学技术文献情报研究所重庆分所@9zhong guo ke xue ji shu wen xian qing bao yan jiu suo chong qing fen suo@4编辑 |
| 801 | 0 | @aCN@bAzMarc@c20130904 |
| 905 | @aBZT@dTL99@e5@f3@sTL99/5 | |
| 辐射应用/中国科学技术文献情报研究所重庆分所编辑.-重庆:科学技术文献出版社重庆分社,1981 |
| 265页;25cm |
| ISBN 15176.502:CNY1.75 |
| ● |
| 相关链接 |
|
|
|
正题名:辐射应用
索取号:TL99/5
 
预约/预借
| 序号 | 登录号 | 条形码 | 馆藏地/架位号 | 状态 | 备注 |
| 1 | 2000040352 | 2000040352 | 旧书回溯/ [索取号:TL99/5] | 在馆 | |
| 2 | 2000040353 | 2000040353 | 旧书回溯/ [索取号:TL99/5] | 在馆 | |
| 3 | 2000040354 | 2000040354 | 旧书回溯/ [索取号:TL99/5] | 在馆 |